000 00656nam a22002057a 4500
003 OSt
005 20230127135404.0
008 221006b |||||||| |||| 00| 0 eng d
040 _cBiblioteca Lado V
082 _a708
_bC745m
100 _ecoordinador
_9690
_aConde, Rizzo
245 _aMostra Rio Gravura/
_bCatalogo Geral/
260 _bODEBRECHT
_aBrasil
_c1999
300 _c23x31cm
_a231p.
650 _2Tesauro de Arte & Arquitectura
_aARTE
650 _2Tesauro de Arte & Arquitectura
_aCATALOGO
650 _2Tesauro de Arte & Arquitectura
_aBRASIL
700 _aRobinson, Alistair
_etextos
942 _2ddc
_c1
_h708
_iC745m
_n0
999 _c2974
_d2974